Generał Wiedza 3 - Statystyki

Ogólne statystyki
  • Ten quiz został rozwiązany 14 razy
  • Średni wynik to 10 z 21
Statystyki odpowiedzi
Hint Odpowiedź % Poprawnych
Odcięcie kończyny Amputacja
100%
Trzyczęściowa seria napisana przez Adama Mickiewicza Dziady
100%
Latający ssak żyjący w ciemnych jaskiniach Nietoperz
100%
Kogo zamek jest w Transylwanii? Drakula
91%
Jaka funkcja trygonometryczna jest dodatna w IV ćwiartce układu kartezjańskiego? Cosinus
73%
Jaki kodeks został napisany na glinianych tabliczkach w starożytności Hammurabiego
73%
Ostatni król Polski z dynastii Piastów Kazimierz Wielki
73%
Jeden z dwóch krajów afrykańskich, które nigdy nie zostały skolonizowane. Leży we wschodniej Afryce Etiopia
64%
Co oznacza "Mein Kampf"? Moja walka
64%
Jak z francuskiego nazywa się nadwozie samochodu? Karoseria
55%
Ile jest ksiąg Starego Testamentu? 46
45%
Jakiego pochodzenia jest Marko Arnautović? Serbskiego
36%
Z jakiego kraju pochodził wynalazca kostki rubika? Węgry
36%
Jak się nazywa buddyjska świątynia Pagoda
27%
Jak się nazywa film, w którym gwiazda modelingu zostaje zahipnotyzowana, żeby zabić premiera Malezji? Zoolander
27%
Co oznacza skrót BP w nazwie popularnej stacji benzynowej? British Petroleum
18%
Film o homoseksualistach z Jake Gyllenhaalem Brokeback Mountain
18%
Jak miał na imię kochanek Doriana Graya? Barnaba Bazyli
9%
Kto po raz pierwszy zaśpiewał późniejszy hymn rewolucji w "Folwarku Zwierzęcym"? Major
9%
Jak nazywa się uroczysta szafa w synagodze, w której trzymane są zwoje Tory? Aron Ha-kodesz
0%
Co w języku fińskim oznacza słowo "kotka"? Orzeł
0%
Nie znaleziono quizów pasujących do podanych kryteriów
Rozkład punktacji
Procent ludzi z każdym wynikiem
Percentyl według liczby udzielonych odpowiedzi
Twoja historia wyników
Nie rozwiązałeś tego quizu